000 01231nam a2200265Ii 4500
008 221202s xx 000 0 und d
245 0 _aAgile Processes in Software Engineering and Extreme Programming :
_b 19th International Conference, XP 2018, Porto, Portugal, May 21 : 25, 2018, Proceedings : :
264 1 _aCham
_bSpringer Nature
_c2018
300 _a1 online resource
336 _atext
_btxt
_2rdacontent
337 _acomputer
_bc
_2rdamedia
338 _aonline resource
_bcr
_2rdacarrier
490 _aLecture Notes in Business Information Processing
_v314
520 _aagile software development; test-driven development; project and people management; empirical software engineering; continuous experimentation
653 _aAgile Software Development
653 _aContinuous Experimentation
653 _aEmpirical Software Engineering
653 _aProject And People Management
653 _aTest-Driven Development
700 1 _aAguiar, Ademar
700 1 _aGarbajosa, Juan
700 1 _aWang, Xiaofeng
856 _uhttps://docs.google.com/spreadsheets/d/1yKIrdCPDAG_9c22mwoOIO2DOhtj65Wqa/edit?usp=sharing&ouid=106555315294820607512&rtpof=true&sd=true
_yList of Curated E-Books
942 _cE-BOOK
999 _c91560
_d91557